| 000 | 00723nam a22002295a 4500 | ||
|---|---|---|---|
| 003 | OSt | ||
| 005 | 20170504110118.0 | ||
| 008 | 170112s2015 ua frb 000 0 ara d | ||
| 015 | _a2008 / 20165 | ||
| 020 | _a977102440X | ||
| 040 |
_aEG-ScBUE _bara _cEG-ScBUE |
||
| 082 | 0 | 4 |
_a340.59 _bأ ب و _222 |
| 100 | 1 | _aأبو زهره، محمد. | |
| 245 | 1 | 0 |
_aأصول الفقه / _cمحمد أبو زهرة. |
| 260 |
_aالقاهرة : _bدار الفكر العربي، _c2015. |
||
| 300 |
_a368 ص. ؛ _c24 سم. |
||
| 504 | _aيشتمل على إرجاعات ببليوجرافية. | ||
| 650 | 7 |
_aالفقه الإسلامي. _2BUEsh _940834 |
|
| 653 |
_bLLAAWW _cMay2017 |
||
| 655 |
_vText book _933728 |
||
| 942 | _2ddc | ||
| 999 |
_c24774 _d24746 |
||